| 000 | 00749cam a22002657a 4500 | ||
|---|---|---|---|
| 003 | CHAP | ||
| 005 | 20220329140517.0 | ||
| 008 | 971013s1984 r 00010 d | ||
| 010 | _a53075 | ||
| 011 | _a54047 | ||
| 035 | _a58197 | ||
| 040 | _cCHAP | ||
| 090 | _aFolleto 9109 | ||
| 110 |
_aUruguay. Secretariado Uruguayo de la Lana _9117011 |
||
| 245 | 1 | 3 | _aLa lana siempre |
| 260 |
_aMontevideo : _bEl Secretariado, _c1984 |
||
| 300 |
_a26 p. _b: ilus. |
||
| 590 |
_aBATCH-UPD _b10 _c20130110 _lUCH01 _h1645 |
||
| 590 |
_aCONVERSION _b10 _c20130109 _lUCH01 _h1329 |
||
| 650 | 1 | 4 |
_aGanado lanar _xRazas. _945218 |
| 650 | 1 | 4 |
_aLana _xIndustria. _964608 |
| 901 | _aBK | ||
| 942 | _cFOLL | ||
| 949 |
_aFolleto 9109 _bBC _cFOLL _d-126393 _eTS1 _i58197 _mD _si |
||
| 999 |
_c53075 _d53075 |
||